Relatives of Queen Elizabeth II - Statistics

General Stats
  • This quiz has been taken 1,073 times
    1,049 since last reset
  • The average score is 43 of 63
Answer Stats
Group Answer % Correct
Great-Nieces & Nephews Charles Armstrong-Jones, Viscount Linley
99%
Children 1948 Charles, Prince of Wales
99%
Husband Prince Philip, Duke of Edinburgh
98%
Children-In-Law Ex-Wife of Prince Charles Diana, Princess of Wales
97%
Children 1950 Anne, Princess Royal
97%
Grandchildren 1984 Prince Harry, Duke of Sussex
97%
Children 1964 Prince Edward, Earl of Wessex
96%
Great-Grandchildren 2013 Prince George of Cambridge
96%
Cousins (Paternal) George Lascelles, 7th Earl of Harewood
96%
Cousins (Paternal) Prince Edward, Duke of Kent
96%
Aunts & Uncles (Paternal) Prince George, Duke of Kent
96%
Grandchildren 1982 Prince William, Duke of Cambridge
96%
Cousins (Paternal) Prince William of Gloucester
96%
Children 1960 Prince Andrew, Duke of York
95%
Children-In-Law Wife of Prince Charles Camilla, Duchess of Cornwall
93%
Great-Grandchildren 2018 Prince Louis of Cambridge
91%
Grandchildren-In-Law Wife of Prince William Catherine, Duchess of Cambridge
88%
Great-Grandchildren 2015 Princess Charlotte of Cambridge
88%
Grandchildren-In-Law Wife of Prince Harry Meghan, Duchess of Sussex
88%
Parents Queen Elizabeth The Queen Mother
86%
Children-In-Law Ex-Wife of Prince Andrew Sarah, Duchess of York
85%
Grandchildren 1988 Princess Beatrice
84%
Sister & Ex-Brother-In-Law Princess Margaret, Countess of Snowdon
83%
Grandchildren 1981 Zara Tindall
82%
Niece & Nephew Lady Sarah Chatto
81%
Grandchildren 1990 Princess Eugenie
81%
Great-Grandchildren 2019 Archie Mountbatten-Windsor
79%
Great-Grandchildren 2021 Lilibet "Lili" Mountbatten-Windsor
77%
Children-In-Law Wife of Prince Edward Sophie, Countess of Wessex
75%
Grandparents King George V
74%
Aunts & Uncles (Paternal) Mary, Princess Royal and Countess of Harewood
74%
Grandparents Queen Mary of Teck
74%
Grandchildren 2007 James, Viscount Severn
73%
Grandchildren 1977 Peter Phillips
72%
Children-In-Law Ex-Husband of Princess Anne Captain Mark Phillips
70%
Grandchildren 2003 Lady Louise Windsor
70%
Parents King George VI
69%
Grandchildren-In-Law Husband of Zara Tindall Mike Tindall
69%
Children-In-Law Husband of Princess Anne Vice Admiral Sir Timothy Laurence
67%
Great-Grandchildren 2014 Mia Tindall
59%
Sister & Ex-Brother-In-Law Antony Armstrong-Jones, 1st Earl of Snowdon
57%
Great-Grandchildren 2010 Savannah Phillips
57%
Great-Grandchildren 2021 August Brooksbank
54%
Grandchildren-In-Law Husband of Princess Eugenie Jack Brooksbank
54%
Great-Grandchildren 2012 Isla Phillips
52%
Niece & Nephew David Armstrong-Jones, 2nd Earl of Snowdon
50%
Great-Grandchildren 2018 Lena Tindall
49%
Aunts & Uncles (Paternal) Prince Henry, Duke of Gloucester
49%
Great-Grandchildren 2021 Sienna Mapelli Mozzi
48%
Grandchildren-In-Law Ex-Wife of Peter Phillips Autumn Phillips (Kelly)
47%
Great-Grandchildren 2021 Lucas Tindall
46%
Grandchildren-In-Law Husband of Princess Beatrice Edoardo Mapelli Mozzi
43%
Cousins (Paternal) Prince Michael of Kent
41%
Aunts & Uncles (Paternal) Prince John of the United Kingdom
39%
Aunts & Uncles (Paternal) King Edward VIII (Duke of Windsor)
38%
Cousins (Paternal) Princess Alexandra, The Honourable Lady Ogilvy
37%
Cousins (Paternal) Prince Richard, Duke of Gloucester
36%
Great-Nieces & Nephews Arthur Chatto
35%
Great-Nieces & Nephews Samuel Chatto
31%
Great-Nieces & Nephews Lady Margarita Armstrong-Jones
27%
Grandparents Claude Bowes-Lyon, 14th Earl of Strathmore and Kinghorne
18%
Grandparents Cecilia Bowes-Lyon, Countess of Strathmore and Kinghorne
15%
Cousins (Paternal) The Honourable Gerald Lascelles
12%
No matching quizzes found
Score Distribution
Percent of People with Each Score
Percentile by Number Answered
Your Score History
You have not taken this quiz since the last reset